| 000 | 00441nam a2200181Ia 4500 | ||
|---|---|---|---|
| 003 | LK-CoDNM | ||
| 008 | 010623t1932 xxu||||| |||| 00| 1 sin d | ||
| 040 |
_aLK-CoDNM _dLK-CoDNM _eLK-CoDNM |
||
| 041 | _asin | ||
| 080 | _a104 I 12 | ||
| 100 |
_aPerera,M.G _eed. |
||
| 245 | _aගීත සික්ෂක | ||
| 246 | _aGita Sikshaka | ||
| 260 |
_bLakshman _aColombo _c1932 |
||
| 300 | _bvii,96p, 21 cm | ||
| 650 | _aMusic | ||
| 942 | _cBK | ||
| 999 |
_c96272 _d96272 |
||